00443nam a22001577a 450000500170000001000150001702000260003203500140005803700130007208200120008510000200009724500600011726000400017727000480021730000200026520200213130206.0 aENG-127729 c250.00a9789388927529 aEN-111261 bDBAD/PUB a370.117 aSutariya,Chirag aModern Aspects of Teaching English/cby Chirag Sutariya aAhmedabadc2019bVedant Publication aRajkot, Ahmedabad, Surate360001bAhmedabad a89p.b21cm(pbk)